NSTP 2 : guide in civic welfare training services / Leudane L. Loñez, PhD [and three others]. (Record no. 21315)

000 -LEADER
fixed length control field 00627nam a22001697a 4500
020 ## - INTERNATIONAL STANDARD BOOK NUMBER
ISBN 9786214063512
082 ## - DEWEY DECIMAL CLASSIFICATION NUMBER
Classification number 378.103
Item number L8279 2024
100 ## - MAIN ENTRY--AUTHOR NAME
Personal name Loñez, Leudane L., author.
245 ## - TITLE STATEMENT
Title NSTP 2 : guide in civic welfare training services / Leudane L. Loñez, PhD [and three others].
260 ## - PUBLICATION, DISTRIBUTION, ETC. (IMPRINT)
Place of publication Manila :
Name of publisher Mindshapers Co., Inc.,
Year of publication ©2024.
300 ## - PHYSICAL DESCRIPTION
Number of Pages x, 275 pages :
Other physical details illustrations ; 26 cm
500 ## - GENERAL NOTE
General note Includes bibliographical references.
650 ## - SUBJECT ADDED ENTRY--TOPICAL TERM
Topical Term Service training -- Philippines.
650 ## - SUBJECT ADDED ENTRY--TOPICAL TERM
Topical Term Student volunteers in social service -- Philippines.
650 ## - SUBJECT ADDED ENTRY--TOPICAL TERM
Topical Term National service -- Philippines.
942 ## - ADDED ENTRY ELEMENTS (KOHA)
Koha item type Books
Holdings
Source of acquisition Permanent Location Date acquired Koha item type Collection code Accession Number Lost status Shelving location Withdrawn status Current Location Full call number
SchoolCagayan State University - Carig Library2025-08-29BooksSocial Sciences011099 General Collection Cagayan State University - Carig Library378.103 L8279 2024
SchoolCagayan State University - Carig Library2025-08-29BooksSocial Sciences011100 General Collection Cagayan State University - Carig Library378.103 L8279 2024
SchoolCagayan State University - Carig Library2025-08-29BooksSocial Sciences011101 General Collection Cagayan State University - Carig Library378.103 L8279 2024

Cagayan State University University Library, Carig Campus
Tuguegarao City, Cagayan 3500 | www.csucarig.edu.ph

Powered by Koha